An inconvenient truth

Una verdad incómoda es una película documental del director Davis Guggenheim acerca de la campaña del exvicepresidente de Estados Unidos Al Gore para educar a los ciudadanos sobre el calentamiento global a través de una exhaustiva presentación de diapositivas que, según su propia estimación, ha dado...

Full description

Bibliographic Details
Other Authors: Guggenheim Rating, Davis
Format: DVD
Language:English
Published: Estados Unidos: Paramount, 2006.
Subjects:

MARC

LEADER 00000cgm a2200000 a 4500
001 030889
003 UAHC_CL
005 20190703164619.0
008 070405s2006 xxu 000 u eng
952 |0 0  |1 0  |4 0  |6 DVD_61  |7 0  |8 COMP  |9 60291  |a BC  |b BC  |c Referencia  |d 2017-08-03  |l 1  |o DVD-61  |p 1376617  |r 2024-05-10 00:00:00  |s 2024-05-10  |t c.1  |w 2017-08-03  |y DVD 
952 |0 0  |1 0  |4 0  |6 DVD_61  |7 0  |8 COMP  |9 60292  |a BS  |b BS  |c Referencia  |d 2017-08-03  |o DVD-61  |p 1379129  |r 2022-10-11 00:00:00  |t c.1  |w 2017-08-03  |y DVD 
952 |0 0  |1 0  |4 0  |6 DVD_61  |7 0  |8 COMP  |9 60293  |a BS  |b BS  |c Referencia  |d 2017-08-03  |l 1  |o DVD-61  |p 1379130  |r 2024-05-10 00:00:00  |s 2024-05-10  |t c.1  |w 2017-08-03  |y DVD 
999 |c 30889  |d 30889 
040 |a UAHC_CL  |c UAHC_CL  |d UAHC_CL 
245 1 3 |a An inconvenient truth   |c Davis Guggenheim Rating, director. 
246 2 |a Una verdad incomoda 
260 |a Estados Unidos:  |b Paramount,  |c 2006. 
300 |a 1 videodisco (96 min.) 
520 |a Una verdad incómoda es una película documental del director Davis Guggenheim acerca de la campaña del exvicepresidente de Estados Unidos Al Gore para educar a los ciudadanos sobre el calentamiento global a través de una exhaustiva presentación de diapositivas que, según su propia estimación, ha dado más de mil veces. 
650 0 |a Cine documental  |9 5590 
650 0 |a Películas cinematográficas  |9 3382  |z Estados Unidos  
653 |a PEDAGOGIA EN HISTORIA Y CIENCIAS SOCIALES 
658 |a González, Pilar 
700 |9 8231  |a Guggenheim Rating, Davis 
900 |a DVD-61 
942 |c DVD